[Event "Criciuma op-B"]
[Site "Criciuma"]
[Date "2024.01.18"]
[Round "9"]
[White "De Assuncao, Ygor Gabriel Da Cos"]
[Black "Orlandi Neto, Aristides"]
[Result "0-1"]
[WhiteElo "1800"]
[BlackElo "1592"]
[PlyCount "94"]
[EventDate "2024.01.12"]
[EventType "swiss"]
[EventRounds "9"]
[EventCountry "BRA"]
[SourceTitle "CB04_2024"]
[SourceDate "2023.10.16"]
[SourceVersion "1"]
[SourceVersionDate "2023.10.16"]
[SourceQuality "1"]

1. d4 d5 2. c4 e6 3. g3 Nf6 4. Bg2 c5 5. cxd5 exd5 6. Nf3 cxd4 7. Nxd4 Nc6 8. 0-0 Be7 9. Nc3 0-0 10. Bf4 Qb6 11. Nxc6 bxc6 12. Qd2 Be6 13. Be3 Qb7 14. Na4 Qb5 15. Nc3 Qb4 16. Rfd1 Rfd8 17. Qd4 Qxb2 18. Nxd5 Qb7 19. Nxe7+ Qxe7 20. Qc5 Rxd1+ 21. Rxd1 Qxc5 22. Bxc5 Bd5 23. Bxd5 Nxd5 24. Rd2 a5 25. a3 a4 26. e4 Nc3 27. f3 h6 28. Rc2 Nb5 29. Rc4 Ra6 30. e5 Nc7 31. f4 f6 32. Bd6 Nb5 33. Bb4 fxe5 34. fxe5 Kf7 35. Rf4+ Ke6 36. Rg4 g5 37. h4 Kf5 38. Rc4 gxh4 39. Rxh4 Kxe5 40. Rxh6 Kd4 41. Rf6 Kc4 42. g4 Kb3 43. Rf3+ Kc4 44. Rf4+ Nd4 45. Rf1 Kb3 46. Rb1+ Ka2 47. Rc1 Ne2+ 0-1

[Event "Criciuma op-B"]
[Site "Criciuma"]
[Date "2024.01.17"]
[Round "8"]
[White "Orlandi Neto, Aristides"]
[Black "Da Silva, Miguel Michels"]
[Result "0-1"]
[WhiteElo "1592"]
[BlackElo "1365"]
[PlyCount "90"]
[EventDate "2024.01.12"]
[EventType "swiss"]
[EventRounds "9"]
[EventCountry "BRA"]
[SourceTitle "CB04_2024"]
[SourceDate "2023.10.16"]
[SourceVersion "1"]
[SourceVersionDate "2023.10.16"]
[SourceQuality "1"]

1. e4 e5 2. Nf3 Nc6 3. Bc4 Bc5 4. 0-0 Nf6 5. d3 d6 6. c3 a6 7. Bb3 h6 8. Nbd2 0-0 9. h3 b5 10. Re1 Ne7 11. d4 exd4 12. cxd4 Bb6 13. Nf1 Ng6 14. Ng3 Re8 15. Qd3 c5 16. dxc5 dxc5 17. Qb1 Bb7 18. Bc2 Qc7 19. Be3 c4 20. Bxb6 Qxb6 21. e5 Nd5 22. Bxg6 fxg6 23. Qc1 Nb4 24. Qd2 Nd3 25. Re2 Bxf3 26. gxf3 Nxe5 27. Qd5+ Nf7 28. Rae1 Rxe2 29. Rxe2 Rd8 30. Qe6 Qxe6 31. Rxe6 Rd6 32. Re8+ Kh7 33. Ne4 Rc6 34. Ra8 b4 35. Ra7 Ng5 36. Kg2 Nxe4 37. Rd7 c3 38. bxc3 bxc3 39. Rd1 c2 40. Rc1 Nd2 41. Kg3 g5 42. f4 Rc3+ 43. Kg4 Ne4 44. Kf5 Nxf2 45. Ke5 Nd3+ 0-1

[Event "Araraquara op"]
[Site "Araraquara"]
[Date "2023.02.19"]
[Round "1.4"]
[White "Orlandi Neto, Aristides"]
[Black "Rodi, Luis Ernesto"]
[Result "0-1"]
[WhiteElo "1599"]
[BlackElo "2295"]
[PlyCount "110"]
[EventDate "2023.02.19"]
[EventType "swiss"]
[EventRounds "6"]
[EventCountry "BRA"]
[SourceTitle "CBM 213 Extra"]
[Source "ChessBase"]
[SourceDate "2023.05.31"]
[SourceVersion "1"]
[SourceVersionDate "2023.05.31"]
[SourceQuality "1"]

1. e4 e5 2. Nf3 Nc6 3. Bc4 Bc5 4. b4 Bxb4 5. c3 Be7 6. d4 Na5 7. Bd3 d6 8. dxe5 dxe5 9. Nxe5 Nf6 10. 0-0 0-0 11. Qc2 c5 12. Bf4 Nh5 13. Be3 Qc7 14. Nc4 Nxc4 15. Bxc4 Bd6 16. g3 Bh3 17. Re1 Nf6 18. Nd2 Ng4 19. Nf3 Nxe3 20. Rxe3 Be7 21. Rae1 Rad8 22. e5 Qc6 23. Qe4 Qxe4 24. Rxe4 Bf5 25. R4e3 h6 26. h4 Kh7 27. Kg2 Rd7 28. a4 Bd8 29. e6 fxe6 30. Bxe6 Bxe6 31. Rxe6 Bf6 32. c4 Rd3 33. R6e3 Rfd8 34. g4 R8d6 35. g5 Bd8 36. Rxd3 Rxd3 37. Re8 hxg5 38. hxg5 Rd1 39. Kg3 Kg6 40. Kg4 Kf7 41. Rh8 Bc7 42. Ra8 Rc1 43. Rxa7 Rxc4+ 44. Kh3 Rb4 45. Ra8 c4 46. Rc8 Bd6 47. a5 Ke6 48. Nd4+ Kd7 49. Rg8 Be5 50. Nf5 c3 51. Ne3 Re4 52. Rf8 Rxe3+ 53. fxe3 c2 54. Rf7+ Ke6 55. Rf1 Bb2 0-1

[Event "Florianopolis op 9th"]
[Site "Florianopolis"]
[Date "2023.01.24"]
[Round "3"]
[White "Favaretto, Felipe Della Preve"]
[Black "Orlandi Neto, Aristides"]
[Result "1-0"]
[WhiteElo "1207"]
[BlackElo "1684"]
[PlyCount "81"]
[EventDate "2023.01.23"]
[EventType "swiss"]
[EventRounds "10"]
[EventCountry "BRA"]
[SourceTitle "CBM 212 Extra"]
[Source "ChessBase"]
[SourceDate "2023.03.31"]
[SourceVersion "1"]
[SourceVersionDate "2023.03.31"]
[SourceQuality "1"]

1. c4 Nf6 2. Nc3 g6 3. g3 Bg7 4. Bg2 0-0 5. Nf3 d6 6. 0-0 Nbd7 7. d3 e5 8. Rb1 a5 9. h3 Re8 10. Nd2 Nh5 11. Nde4 f5 12. Bg5 Ndf6 13. Nxf6+ Bxf6 14. Bxf6 Nxf6 15. Qb3 c6 16. Na4 Ra6 17. c5+ d5 18. e4 Kg7 19. Rfd1 fxe4 20. dxe4 d4 21. f4 Qe7 22. fxe5 Qxe5 23. Nb6 Be6 24. Nc4 Bxc4 25. Qxc4 Rd8 26. Rd3 Nxe4 27. Re1 Qxc5 28. Qe6 Ng5 29. Qe7+ Qxe7 30. Rxe7+ Kg8 31. Rxb7 Ne6 32. Re7 Nc5 33. Rd2 a4 34. Kf2 Rd7 35. Rxd7 Nxd7 36. Rc2 c5 37. Bf1 Rb6 38. b3 axb3 39. axb3 Rxb3 40. Bc4+ Kg7 41. Bxb3 1-0

[Event "Florianopolis op 8th"]
[Site "Florianopolis"]
[Date "2022.01.29"]
[Round "8"]
[White "Soares, Reynaldo Magalhaes"]
[Black "Orlandi Neto, Aristides"]
[Result "1-0"]
[WhiteElo "1922"]
[BlackElo "1731"]
[PlyCount "63"]
[EventDate "2022.01.24"]
[EventType "swiss"]
[EventRounds "10"]
[EventCountry "BRA"]
[SourceTitle "EXT 2023"]
[Source "ChessBase"]
[SourceDate "2022.10.05"]
[SourceVersion "1"]
[SourceVersionDate "2022.10.05"]
[SourceQuality "1"]

1. d4 d5 2. c4 e6 3. Nf3 Be7 4. Nc3 Nf6 5. Bf4 0-0 6. e3 b6 7. Bd3 Bb7 8. cxd5 Nxd5 9. Bg3 c5 10. 0-0 Nd7 11. Rc1 Rc8 12. Qe2 cxd4 13. Nxd5 Bxd5 14. Nxd4 Nc5 15. Bb1 g6 16. f3 Bd6 17. Bf2 Qg5 18. e4 Bb7 19. g3 h5 20. Be3 Qe7 21. Qf2 Rfd8 22. Rfd1 Ba6 23. b4 Nd7 24. Nc6 Rxc6 25. Rxc6 Bxb4 26. Rc7 Bd6 27. Rxa7 Bc4 28. Bxb6 Rb8 29. Be3 Bc5 30. Bxc5 Qxc5 31. Raxd7 Qxf2+ 32. Kxf2 1-0

[Event "Florianopolis op 8th"]
[Site "Florianopolis"]
[Date "2022.01.27"]
[Round "5"]
[White "Orlandi Neto, Aristides"]
[Black "Monteiro, Samuel Ramazzotte"]
[Result "0-1"]
[WhiteElo "1731"]
[BlackElo "1338"]
[PlyCount "76"]
[EventDate "2022.01.24"]
[EventType "swiss"]
[EventRounds "10"]
[EventCountry "BRA"]
[SourceTitle "CBM 206 Extra"]
[Source "ChessBase"]
[SourceDate "2022.03.31"]
[SourceVersion "1"]
[SourceVersionDate "2022.03.31"]
[SourceQuality "1"]

1. e4 c5 2. c3 g6 3. d4 cxd4 4. cxd4 Bg7 5. Nf3 Nf6 6. Nc3 d6 7. Bc4 0-0 8. 0-0 Nc6 9. Bg5 Bg4 10. h3 Bxf3 11. gxf3 Nh5 12. Ne2 Qb6 13. Be3 Qc7 14. Rc1 Kh8 15. a3 f5 16. Bb5 a6 17. Bd3 f4 18. d5 fxe3 19. fxe3 Qb6 20. dxc6 Qxe3+ 21. Kg2 bxc6 22. Rxc6 Qg5+ 23. Kf2 Qh4+ 24. Ke3 Bh6+ 25. Kd4 Qf6+ 26. Kc4 Rfc8 27. Qa4 Qe6+ 28. Kc3 Rxc6+ 29. Qxc6 Rc8 30. Qxc8+ Qxc8+ 31. Kb3 Bg7 32. Rc1 Qb7+ 33. Kc2 Qxb2+ 34. Kd1 Bh6 35. Rc8+ Kg7 36. Rc2 Qb1+ 37. Nc1 Bxc1 38. Rxc1 Qxd3+ 0-1

[Event "Florianopolis op 8th"]
[Site "Florianopolis"]
[Date "2022.01.25"]
[Round "2"]
[White "Pesce Junior, Carlos Antonio"]
[Black "Orlandi Neto, Aristides"]
[Result "0-1"]
[WhiteElo "1261"]
[BlackElo "1731"]
[PlyCount "80"]
[EventDate "2022.01.24"]
[EventType "swiss"]
[EventRounds "10"]
[EventCountry "BRA"]
[SourceTitle "EXT 2023"]
[Source "ChessBase"]
[SourceDate "2022.10.05"]
[SourceVersion "1"]
[SourceVersionDate "2022.10.05"]
[SourceQuality "1"]

1. e4 e5 2. Nf3 Nc6 3. d4 exd4 4. Nxd4 Nf6 5. Nc3 Bb4 6. Nxc6 bxc6 7. Bd3 0-0 8. 0-0 d5 9. exd5 cxd5 10. h3 c6 11. Qf3 h6 12. Bf4 Bd6 13. Rad1 Re8 14. Ne2 Qc7 15. Rfe1 Bd7 16. Bxh6 gxh6 17. Qxf6 Bf8 18. Ng3 Bg7 19. Qh4 Qd6 20. Bf5 Be6 21. Qg4 Kh8 22. Nh5 Bxb2 23. Bxe6 Rxe6 24. Qf5 Rae8 25. Rxe6 Qxe6 26. Qf4 Qe1+ 27. Kh2 Be5 28. Rxe1 Bxf4+ 29. Nxf4 Rxe1 30. Nd3 Re2 31. Nb4 c5 32. Nxd5 Rxc2 33. a3 Rxf2 34. Nc3 Rc2 35. Nb5 a6 36. Nd6 c4 37. Nxf7+ Kg7 38. Nd6 c3 39. Nf5+ Kf7 40. Kg3 Rd2 0-1

[Event "Timbo op"]
[Site "Timbo"]
[Date "2021.02.20"]
[Round "4"]
[White "Pertuzatti, Daniel"]
[Black "Orlandi Neto, Aristides"]
[Result "1-0"]
[WhiteElo "2016"]
[BlackElo "1736"]
[PlyCount "55"]
[EventDate "2021.02.19"]
[EventType "swiss"]
[EventRounds "6"]
[EventCountry "BRA"]
[SourceTitle "EXT 2022"]
[Source "ChessBase"]
[SourceDate "2021.10.06"]
[SourceVersion "1"]
[SourceVersionDate "2021.10.06"]
[SourceQuality "1"]

1. e4 e5 2. f4 exf4 3. Nf3 Nf6 4. e5 Nh5 5. d4 d6 6. Bc4 Be7 7. 0-0 0-0 8. Nc3 c6 9. Ne2 g5 10. Nc3 Bf5 11. Nxg5 Bxg5 12. Qxh5 Bxc2 13. Bxf4 Bxf4 14. Rxf4 Bg6 15. Qe2 dxe5 16. dxe5 Qe7 17. e6 f6 18. Rd1 Kg7 19. Ne4 Bxe4 20. Qxe4 Re8 21. Bd3 Qxe6 22. Qxh7+ Kf8 23. Qh6+ Ke7 24. Qg7+ Kd6 25. Bc4+ Ke5 26. Bxe6 Kxf4 27. Qg4+ Ke5 28. Qf5# 1-0

[Event "Florianopolis op 7th"]
[Site "Florianopolis"]
[Date "2021.01.21"]
[Round "5"]
[White "Orlandi Neto, Aristides"]
[Black "Bastos, Guilherme Exterhott"]
[Result "0-1"]
[WhiteElo "1735"]
[BlackElo "1911"]
[PlyCount "118"]
[EventDate "2021.01.18"]
[EventType "swiss"]
[EventRounds "10"]
[EventCountry "BRA"]
[SourceTitle "CBM 200 Extra"]
[Source "ChessBase"]
[SourceDate "2021.03.31"]
[SourceVersion "1"]
[SourceVersionDate "2021.03.31"]
[SourceQuality "1"]

1. e4 Nf6 2. e5 Nd5 3. d4 d6 4. Nf3 g6 5. Bc4 Nb6 6. Bb3 Bg7 7. Ng5 0-0 8. e6 d5 9. Nxf7 Qe8 10. Qe2 Qc6 11. Bh6 Qxe6 12. Qxe6 Bxe6 13. Bxg7 Kxg7 14. Ng5 Bf5 15. 0-0 Nc6 16. c3 e5 17. dxe5 Nxe5 18. Nd2 h6 19. Ngf3 Nd3 20. c4 dxc4 21. Nxc4 Nxc4 22. Bxc4 Nxb2 23. Bb3 c5 24. Bd5 Rab8 25. Rae1 Kf6 26. Ne5 Rfd8 27. Bb3 Nd3 28. Nxd3 Rxd3 29. Re2 Rxb3 30. axb3 Bd3 31. Ra2 Bxf1 32. Kxf1 a6 33. Ke2 Rd8 34. Ra5 Rc8 35. Kd3 Ke6 36. Kc4 b5+ 37. Kc3 Rc6 38. Ra1 Kd6 39. f4 Kd5 40. g3 Rf6 41. Re1 Re6 42. Rd1+ Kc6 43. Rd2 Kb6 44. Rd5 Kc6 45. Rd2 Re3+ 46. Kc2 Re4 47. Kc3 c4 48. bxc4 Rxc4+ 49. Kb2 Re4 50. h3 Re3 51. Rg2 b4 52. g4 Rxh3 53. f5 gxf5 54. gxf5 Rf3 55. Rg6+ Kb5 56. f6 h5 57. Rg5+ Ka4 58. Rxh5 Rxf6 59. Rh2 a5 0-1

[Event "Rio de Janeiro Duchamp op"]
[Site "Rio de Janeiro"]
[Date "2017.11.18"]
[Round "9"]
[White "Larrea, Daniela"]
[Black "Orlandi Neto, Aristides"]
[Result "1-0"]
[WhiteElo "1741"]
[BlackElo "1766"]
[PlyCount "103"]
[EventDate "2017.11.11"]
[EventType "swiss"]
[EventRounds "9"]
[EventCountry "BRA"]
[SourceTitle "EXT 2019"]
[Source "ChessBase"]
[SourceDate "2018.10.10"]
[SourceVersion "1"]
[SourceVersionDate "2018.10.10"]
[SourceQuality "1"]

1. d4 d5 2. c4 e6 3. g3 Nf6 4. Bg2 dxc4 5. Qa4+ c6 6. Qxc4 Be7 7. Nf3 Nbd7 8. 0-0 0-0 9. Nc3 Nb6 10. Qb3 a5 11. e4 a4 12. Qc2 a3 13. b3 Nbd7 14. Na4 Qa5 15. e5 Nd5 16. Ng5 g6 17. Ne4 b5 18. Nac5 Nxc5 19. dxc5 b4 20. h4 Ba6 21. Rd1 Rab8 22. Bh6 Rfd8 23. Bf3 Rb5 24. Rac1 Rbb8 25. h5 Qc7 26. hxg6 hxg6 27. Nd6 Bf8 28. Bxf8 Kxf8 29. Rd4 Kg7 30. Rh4 Rh8 31. Rxh8 Rxh8 32. Kg2 Qe7 33. Qd2 Rh5 34. Bxh5 gxh5 35. Ne4 f5 36. exf6+ Nxf6 37. Qg5+ Kf7 38. Qxf6+ Qxf6 39. Nxf6 Kxf6 40. Kf3 Kf5 41. Ke3 e5 42. Rh1 Kg4 43. Rh4+ Kf5 44. Rxb4 Bb5 45. Rh4 Kg5 46. Ke4 Be2 47. Kxe5 Bg4 48. f4+ Kg6 49. Rxg4+ hxg4 50. f5+ Kf7 51. f6 Kf8 52. Ke6 1-0

[Event "Fortaleza Genti Memorial"]
[Site "Fortaleza"]
[Date "2017.09.22"]
[Round "1"]
[White "Orlandi Neto, Aristides"]
[Black "Pereira, Silvio Cunha"]
[Result "0-1"]
[WhiteElo "1798"]
[BlackElo "2276"]
[PlyCount "50"]
[EventDate "2017.09.22"]
[EventType "swiss"]
[EventRounds "6"]
[EventCountry "BRA"]
[SourceTitle "CBM 180 Extra"]
[Source "ChessBase"]
[SourceDate "2017.10.06"]
[SourceVersion "1"]
[SourceVersionDate "2017.10.06"]
[SourceQuality "1"]

1. e4 e5 2. Nf3 Nc6 3. Bc4 Bc5 4. c3 Bb6 5. d4 Qe7 6. 0-0 d6 7. Ng5 Nh6 8. dxe5 Nxe5 9. Bb3 Bg4 10. Qd2 f6 11. h3 fxg5 12. hxg4 Nhxg4 13. Qxg5 Nxf2 14. Qxe7+ Kxe7 15. Bg5+ Kd7 16. Kh2 Nxe4 17. Bh4 Raf8 18. Na3 g5 19. Bd5 Nf6 20. Rxf6 Ng4+ 21. Kh3 Nxf6 22. Bxb7 gxh4 23. Rd1 Rhg8 24. Nc4 Rg3+ 25. Kxh4 Rg4+ 0-1

[Event "Fortaleza Genti Memorial"]
[Site "Fortaleza"]
[Date "2017.09.22"]
[Round "2"]
[White "Vacis, Gabriel Nunes"]
[Black "Orlandi Neto, Aristides"]
[Result "0-1"]
[WhiteElo "1303"]
[BlackElo "1798"]
[PlyCount "58"]
[EventDate "2017.09.22"]
[EventType "swiss"]
[EventRounds "6"]
[EventCountry "BRA"]
[SourceTitle "CBM 180 Extra"]
[Source "ChessBase"]
[SourceDate "2017.10.06"]
[SourceVersion "1"]
[SourceVersionDate "2017.10.06"]
[SourceQuality "1"]

1. e4 e5 2. Nf3 Nc6 3. Bc4 Nf6 4. Nc3 Bb4 5. Nd5 Nxe4 6. Nxb4 Nxb4 7. Nxe5 0-0 8. d3 Nf6 9. 0-0 d6 10. Nf3 Bg4 11. a3 Bxf3 12. gxf3 Nc6 13. Bg5 h6 14. Bf4 Qd7 15. Be3 Qh3 16. Re1 Ne5 17. Bf4 Nxf3+ 18. Kh1 Nxe1 19. Qxe1 Qf3+ 20. Kg1 Qxf4 21. h3 Rfe8 22. Qc3 d5 23. Ba2 Re2 24. Rf1 c6 25. d4 Rae8 26. Bb3 Ne4 27. Qd3 Qg5+ 28. Kh1 Nxf2+ 29. Rxf2 Rxf2 0-1

[Event "Vitoria Cup"]
[Site "Vitoria"]
[Date "2013.05.31"]
[Round "4"]
[White "Orlandi Neto, Aristides"]
[Black "Lima, Newton Celio Goncal"]
[Result "1-0"]
[WhiteElo "1797"]
[BlackElo "1977"]
[PlyCount "45"]
[EventDate "2013.05.30"]
[EventType "swiss"]
[EventRounds "7"]
[EventCountry "BRA"]
[SourceTitle "CBM 154 Extra"]
[Source "ChessBase"]
[SourceDate "2013.06.25"]
[SourceVersion "2"]
[SourceVersionDate "2013.06.25"]
[SourceQuality "1"]

1. e4 c5 2. Nf3 d6 3. d4 cxd4 4. Nxd4 Nf6 5. Nc3 a6 6. Be3 e6 7. f3 Qc7 8. Qd2 Be7 9. 0-0-0 0-0 10. g4 b5 11. g5 Nfd7 12. h4 Nc6 13. h5 b4 14. Nce2 Nc5 15. g6 hxg6 16. hxg6 fxg6 17. Nxc6 Qxc6 18. Nd4 Qb7 19. Bc4 d5 20. exd5 exd5 21. Be2 Bd7 22. Rdg1 Bf6 23. Bd3 1-0

[Event "Vitoria Cup"]
[Site "Vitoria"]
[Date "2013.05.31"]
[Round "3"]
[White "Silva, Valdecir Batista"]
[Black "Orlandi Neto, Aristides"]
[Result "1-0"]
[WhiteElo "1888"]
[BlackElo "1797"]
[PlyCount "81"]
[EventDate "2013.05.30"]
[EventType "swiss"]
[EventRounds "7"]
[EventCountry "BRA"]
[SourceTitle "CBM 154 Extra"]
[Source "ChessBase"]
[SourceDate "2013.06.25"]
[SourceVersion "2"]
[SourceVersionDate "2013.06.25"]
[SourceQuality "1"]

1. e4 e5 2. Nf3 Nc6 3. Bb5 a6 4. Ba4 Nf6 5. d3 b5 6. Bb3 Bc5 7. 0-0 d6 8. h3 0-0 9. Bg5 h6 10. Bh4 Be6 11. Nbd2 Na5 12. c3 Nxb3 13. Nxb3 Bb6 14. d4 exd4 15. cxd4 g5 16. Nxg5 hxg5 17. Bxg5 Kg7 18. Qf3 Bxb3 19. axb3 Bxd4 20. Qg3 Rg8 21. Rad1 c5 22. Rxd4 cxd4 23. Qh4 Rh8 24. Qf4 Qe7 25. Qg3 Qe5 26. Bf4+ Kf8 27. Bxe5 dxe5 28. Qxe5 Rh6 29. Qxd4 Re8 30. e5 Nh5 31. f4 Ng3 32. Rf2 Rc8 33. Kh2 Nf5 34. Qd7 Ne7 35. f5 Rhc6 36. f6 Ng6 37. e6 Ne5 38. e7+ Kg8 39. e8Q+ Rxe8 40. Qxe8+ Kh7 41. Qxe5 1-0